U. S. States that Start with a Vowel - Statistics

General Stats
  • This quiz has been taken 36 times
    28 since last reset
  • The average score is 12 of 12
Answer Stats
First Letter State % Correct
A Alabama
100%
A Arkansas
100%
I Illinois
100%
I Indiana
100%
A Alaska
95%
A Arizona
95%
I Idaho
95%
O Ohio
95%
O Oklahoma
95%
O Oregon
95%
U Utah
95%
I Iowa
91%
No matching quizzes found
Score Distribution
Percent of People with Each Score
Percentile by Number Answered
Your Score History
You have not taken this quiz since the last reset